| 000 | 00440pam a2200169 a 4500 | ||
|---|---|---|---|
| 020 | _a0387969381 (alk. paper) | ||
| 040 | _cDLC | ||
| 082 | 0 | 0 | _a581 SPI 1989 A062 Or. |
| 100 | 1 | _aAmthor, Jeffrey S. | |
| 245 | 1 | 0 | _aRespiration and crop productivity / |
| 260 |
_aNew York : _bSpinger-Verlag, _cc1989. |
||
| 300 |
_axiv, 215 p. : _bill. ; _c25 cm. |
||
| 500 | _aIncludes index. | ||
| 650 | 0 | _aCrops | |
| 650 | 0 | _aCrop yields. | |
| 942 | _cEK | ||
| 999 |
_c15069 _d15069 |
||